000 00550nam a2200181 i 4500
001 51950
003 ES-MaACL
005 20240518063025.0
007 t|
008 030821s1965 sp ||||1| spa d
100 0 _aChicote, María Luisa,
_d1920-
_938496
245 1 0 _aJirones
_b: (poesía) /
_cMª Luisa Chicote ; [ilustraciones de Martín Gamo].
260 _aMadrid :
_b[s.n.],
_c1965.
300 _a141 p. :
_bil. ;
_c19 cm.
700 1 _aGamo, Martín.
_953801
852 _aES-MaACL
_jC-28515
_bR.57532
999 _c51950
_d51950